000
00333pab a2200145 454500
008
180718b2002 xxu||||| |||| 00| 0 eng d
100
_a
Naidu, M. Venkaiah
245
_a
Rural reconstruction scenario
260
_c
2002
300
_a
p.40-42.
362
_a
Oct
650
_a
Rural development
773
_a
Yojana
909
_a
53901
999
_c
53901
_d
53901